banner koha

Producao de alcool de mandioca e suas perspectivas (Registro n. 315690)

MARC details
000 -LÍDER
campo de controle de tamanho fixo 01412naa a22003497a 4500
001 - NÚMERO DE CONTROLE
campo de controle BR8300696
003 - IDENTIFICADOR DO NÚMERO DE CONTROLE
campo de controle BR-BrBNA
005 - DATA E HORÁRIO DA ÚLTIMA TRANSAÇÃO
campo de controle 20240918175223.0
007 - CAMPO FIXO DE DESCRIÇÃO FÍSICA--INFORMAÇÃO GERAL
campo de controle de tamanho fixo ta
008 - CAMPO DE DADOS FIXOS--INFORMAÇÃO GERAL
campo de controle de tamanho fixo 230509b bl.||||| |||| 00| 0 por d
040 ## - FONTE DA CATALOGAÇÃO
Instituição da catalogação original BR-BrBNA
Idioma da catalogação por
Instituição que transcreveu o registro Biblioteca Nacional de Agricultura
041 ## - CÓDIGO DE IDIOMA
Código do idioma do texto/trilha sonora ou título diferente (Pt)
072 ## - CÓDIGO DE CATEGORIA DE ASSUNTO
Código de Categoria de Assunto P05
Código do objeto 1540
090 ## - NÚMERO DE CHAMADA LOCAL
Número de chamada P05 BR8300696
100 1# - ENTRADA PRINCIPAL--NOME PESSOAL
Nome pessoal Queiroz, M.S. de
100 1# - ENTRADA PRINCIPAL--NOME PESSOAL
Nome pessoal Coutinho, P.H. de A.
100 1# - ENTRADA PRINCIPAL--NOME PESSOAL
Nome pessoal Rodrigues, E.G.C.
100 1# - ENTRADA PRINCIPAL--NOME PESSOAL
Nome pessoal Silva, G.H. da
111 1# - ENTRADA PRINCIPAL--NOME DO EVENTO
Nome do evento ou lugar 2. Seminario sobre Biomassa como Energia na Industria
Local do evento Rio de Janeiro, RJ (Brazil)
Data do evento ou assinatura do tratado Apr 1982
245 1# - TÍTULO
Título Producao de alcool de mandioca e suas perspectivas
246 1# - FORMA VARIANTE DO TÍTULO
Título/título abreviado [Production of cassava alcohol and its perspectives]
246 1# - FORMA VARIANTE DO TÍTULO
Título/título abreviado [Annals of the 2. Seminar on Biomass as Energy in Industry. Energetic use of wastes]
260 3# - PUBLICAÇÃO, DISTRIBUIÇÃO, ETC.
Local de publicação, distribuição, etc. Rio de Janeiro, RJ (Brasil):
Data da publicação, distribuição, etc. 1982.
500 ## - NOTA GERAL
Nota geral Anais do 2. Seminario sobre Biomassa como Energia na Industria. Aproveitamento energetico de residuos<br/>Rio de Janeiro, RJ (Brasil): 1982. v. 1 p. 98-121<br/>(BR8300696-AM)P05<br/>
650 ## - ASSUNTO--TERMO TÓPICO
Cabeçalho tópico ou nome geográfico ALCOOL
650 ## - ASSUNTO--TERMO TÓPICO
Cabeçalho tópico ou nome geográfico MANDIOCA
650 ## - ASSUNTO--TERMO TÓPICO
Cabeçalho tópico ou nome geográfico BIOGAS
650 ## - ASSUNTO--TERMO TÓPICO
Cabeçalho tópico ou nome geográfico FERMENTACAO
773 0# - ENTRADA ANALÍTICA
Título Anais do 2. Seminario sobre Biomassa como Energia na Industria. Aproveitamento energetico de residuos
Número de controle do registro P05 BR8300696
Partes relacionadas Rio de Janeiro, RJ (Brasil), 1982. v. 1 p. 98-121
909 ## -
-- 202404
-- Lucia
-- 55
-- Lucia Elande
942 ## - ELEMENTOS DE ENTRADA ADICIONADOS (KOHA)
Tipo de material Koha Capítulo-Livro
Fonte da classificação ou esquema de arquivamento na estante Classificação AGRIS
Exemplares
Situação do descarte Fonte da classificação ou esquema de arquivamento na estante Situação física Não pode ser emprestado Coleção Biblioteca de origem Biblioteca atual Localização na estante Total de empréstimos Número de telefone completo Data de último acesso Número do exemplar Tipo de material Koha Situação das perdas Data de aquisição Fonte de aquisição
  Classificação AGRIS       Biblioteca Nacional de Agricultura - Binagri Biblioteca Nacional de Agricultura - Binagri Agrobase - Acervo Geral   P05 BR8300692 20/05/2024 01 Capítulo-Livro   2024-04-11 Portaria Interministerial nº 164/94

BINAGRI

Telefone: (61)3218-2567/2388/3357/2097 - binagri@agro.gov.br

Ministério da Agricultura e Pecuária , Esplanada dos Ministérios, Bloco D, Anexo B, Brasília/DF, CEP: 70.043-900